Statistics for Authors of Bible Books

Click here to take the quiz!

General Stats

  • This quiz has been taken 3,983 times
  • The average score is 62 of 66

Answer Stats

Book Author % Correct
JohnJohn
99%
I PeterPeter
98%
LukeLuke
98%
MarkMark
98%
MatthewMatthew
98%
RomansPaul
97%
JoshuaJoshua
96%
I KingsJeremiah
96%
JamesJames
96%
ProverbsSolomon
96%
IsaiahIsaiah
96%
DanielDaniel
96%
AmosAmos
96%
ObadiahObadiah
95%
NahumNahum
95%
MicahMicah
95%
EzekielEzekiel
95%
JonahJonah
95%
JoelJoel
95%
HoseaHosea
95%
HaggaiHaggai
95%
MalachiMalachi
95%
GenesisMoses
94%
ZechariahZechariah
94%
ZephaniahZephaniah
94%
JudgesSamuel
94%
NehemiahNehemiah
93%
I ChroniclesEzra
93%
JudeJude
93%
HabakkukHabakkuk
92%
JobJob
92%
EstherMordecai
39%
PsalmsVarious
30%

Score Distribution

Percentile by Number Answered

Percent of People with Each Score

Your Score History

You have not taken this quiz